LEADER 01539nam0 22003253i 450 001 PUV0900983 005 20231121125620.0 010 $a0472112384 100 $a20030519d2002 ||||0itac50 ba 101 | $aeng 102 $aus 181 1$6z01$ai $bxxxe 182 1$6z01$an 200 1 $a˜An œintroduction to Greek epigraphy of the Hellenistic and Roman periods from Alexander the Great down to the Reign of Constantine (323 B.C.-A.D. 337)$fB. H. McLean 210 $aAnn Arbor$cThe University of Michigan press$dc2002 215 $aXX, 516 p.$cill.$d24 cm. 606 $aGrecia$x323 a. C.-337$2FIR$3RMLC206788$9I 606 $aEpigrafia greca$x323 a. C.-337$2FIR$3RMLC206790$9I 676 $a411.7$9Sistemi di scrittura delle forme standard delle lingue. Paleografia ed epigrafia.$v22 676 $a481.1$9GRECO CLASSICO. Sistemi di scrittura$v21 700 1$aMcLean$b, Bradley H.$3TO0V166050$4070$01442262 801 3$aIT$bIT-01$c20030519 850 $aIT-RM028 $aIT-FR0017 899 $aBiblioteca Universitaria Alessandrina$bRM028 899 $aBiblioteca umanistica Giorgio Aprea$bFR0017 $eN 912 $aPUV0900983 950 0$aBiblioteca umanistica Giorgio Aprea$d 52S.SIJ. FE2 McL.Int.$e 52FLS0000275515 VMB RS $fA $h20140520$i20140520 977 $a 01$a 52 996 $aIntroduction to Greek epigraphy of the Hellenistic and Roman periods from Alexander the Great down to the Reign of Constantine (323 B.C.-A.D. 337)$93614561 997 $aUNICAS LEADER 03714nam 2200649 450 001 9910807041503321 005 20200520144314.0 010 $a1-4422-3901-8 010 $a1-4422-3902-6 035 $a(CKB)2670000000577566 035 $a(EBL)1864069 035 $a(SSID)ssj0001367430 035 $a(PQKBManifestationID)12508138 035 $a(PQKBTitleCode)TC0001367430 035 $a(PQKBWorkID)11427872 035 $a(PQKB)10800646 035 $a(MiAaPQ)EBC1864069 035 $a(Au-PeEL)EBL1864069 035 $a(CaPaEBR)ebr11027643 035 $a(CaONFJC)MIL664151 035 $a(OCoLC)896793836 035 $a(EXLCZ)992670000000577566 100 $a20150312h20152015 uy 0 101 0 $aeng 135 $aur|n|---||||| 181 $ctxt 182 $cc 183 $acr 200 04$aThe Arab uprisings $ecatalysts, dynamics, and trajectories /$fedited by Fahed Al-Sumait, Nele Lenze, and Michael C. Hudson 210 1$aLanham, Maryland :$cRowman & Littlefield,$d2015. 210 4$dİ2015 215 $a1 online resource (323 p.) 300 $aIncludes index. 311 $a1-322-32869-2 311 $a1-4422-3900-X 327 $aContents; Foreword. The Long View of the Arab Uprisings; PART I. CATALYSTS; Chapter 1. Introduction: Broadening Conversations on the Arab Uprisings: Crossing Disciplines, Approaches, and Geographies; Chapter 2. Transition to What? Reflections on the Arab Uprisings; Chapter 3. The Arab Revolts: Local, Regional, and Global Catalysts and Consequences; Chapter 4. The Political and Socioeconomic Origins of the Arab Uprisings: A Trinomial Probability Analysis; Chapter 5. Dissident Tunisia: Culture and Revolt; PART II. DYNAMICS 327 $aChapter 6. Reassessing the Recent History of Political Islam in Light of the Arab UprisingsChapter 7. Protest Mobilization in the Age of Twitter; Chapter 8. Free? Not So Fast! The Fourth Estate Flourishes and Falters with the Arab Uprisings; Chapter 9. The Arab Uprisings in Tunisia: Parity, Elections, and the Struggle for Women's Rights; PART III. TRAJECTORIES; Chapter 10. The Arab Uprisings: Alignments and the Regional Power Balance; Chapter 11. Turkey's Ordeal of Democratic Consolidation: A Possible Model for the Arab Uprisings? 327 $aChapter 12. Democratic Contagion versus Authoritarian Resilience: Jordan's Prospects for ChangeChapter 13. Remaking the People: The Arab Uprisings and Democratization; Index; About the Editors and Contributors 330 $aThis collection of essays uses the term "Arab Uprisings" as the organizing frame to address numerous socio-cultural, economic, political, experiential, and communicative aspects of the uprisings. The text is organized around three themes: origins, experiences, and trajectories. The first section addresses catalyzing factors that help explain the emergence of the uprisings from various political, economic, and socio-cultural perspectives. The second section examines the functions and responses of diverse people, institutions, and ideologies during the initial years of the uprisings. It includes 606 $aArab Spring, 2010- 606 $aProtest movements$zArab countries 606 $aDemocratization$zArab countries 607 $aArab countries$xPolitics and government$y21st century 615 0$aArab Spring, 2010- 615 0$aProtest movements 615 0$aDemocratization 676 $a909/.097492708312 702 $aAl-Sumait$b Fahed Yahya 702 $aLenze$b Nele 702 $aHudson$b Michael 801 0$bMiAaPQ 801 1$bMiAaPQ 801 2$bMiAaPQ 906 $aBOOK 912 $a9910807041503321 996 $aThe Arab uprisings$92719597 997 $aUNINA